Vascularização do corpo humano 2.0 - Statistics

Estatísticas Gerais
  • Esse quiz foi jogado 3 vezes
    2 desde o último reset
  • A pontuação média é 68 de 143
Estatísticas das Respostas
Região Respostas % Correto
MMSS A. Braquial
100%
Pescoço A. Carótida Comum Direita
100%
Pescoço A. Carótida Comum Esquerda
100%
Pescoço A. Carótida Externa
100%
Pescoço A. Carótida Interna
100%
Coração A. Circunflexa
100%
Coração A. Coronária Direita
100%
Coração A. Coronária Esquerda
100%
Abdômen A. Esplênica
100%
MMII A. Fibular
100%
Abdômen A. Gástrica Direita
100%
Abdômen A. Gástrica Esquerda
100%
Cabeça A. Maxilar
100%
Abdômen A. Mesentérica Inferior
100%
Abdômen A. Mesentérica Superior
100%
MMII A. Poplítea
100%
MMSS A. Radial
100%
MMSS A. Subclávia Direita
100%
MMSS A. Subclávia Esquerda
100%
MMSS A. Tireóidea Inferior
100%
Pescoço A. Tireóidea Superior
100%
MMSS A. Ulnar
100%
MMSS A. Vertebral
100%
Abdômen Tronco Celíaco
100%
Estômago Aa. Gástricas Curtas
50%
Abdômen Aa. Gonadais
50%
Abdômen Aa. Lombares
50%
MMII Aa. Perfurantes
50%
Abdômen Aa. Renais
50%
MMSS A. Axilar
50%
MMSS A. Braquial Profunda
50%
MMII A. Circunflexa Femoral Lateral
50%
MMII A. Circunflexa Femoral Medial
50%
MMII A. Circunflexa Ilíaca Superficial
50%
Coração A. do Cone
50%
Coração A. do Nó Sinoatrial
50%
MMII A. Dorsal do Pé
50%
MMII A. Epigástrica Superficial
50%
Cabeça A. Facial
50%
MMII A. Femoral
50%
MMII A. Femoral Profunda
50%
Estômago A. Gastroduodenal
50%
Estômago A. Gastromental Direita
50%
Estômago A. Gastromental Esquerda
50%
Abdômen A. Hepática Comum
50%
Abdômen A. Hepática Própria
50%
Abdômen A. Ilíaca Comum Direita
50%
Abdômen A. Ilíaca Comum Esquerda
50%
MMII A. Ilíaca Externa
50%
MMII A. Ilíaca Interna
50%
Coração A. Interventricular Anterior
50%
Coração A. Interventricular Posterior
50%
Coração A. Marginal Direita
50%
Coração A. Marginal Esquerda
50%
Coração Aorta Ascendente
50%
Abdômen Aorta Descendente Abdominal
50%
Tórax Aorta Descendente Torácica
50%
MMII A. Plantar Lateral
50%
MMII A. Plantar Medial
50%
MMII A. Pudenda Externa
50%
Coração Arco da aorta
50%
MMSS Arco Palmar Superficial
50%
Cabeça A. Temporal Superficial
50%
MMII A. Tibial Anterior
50%
MMII A. Tibial Posterior
50%
MMSS A. Torácica Interna
50%
Estrutura do coração Cordas Tendíneas
50%
Estrutura do coração Fossa Oval
50%
Estrutura do coração Mm. Papilares
50%
Estrutura do coração Mm. Pectíneos
50%
Estrutura do coração Pericárdio Fibroso
50%
Estrutura do coração Pericárdio Seroso Lâmina Parietal
50%
Estrutura do coração Pericárdio Seroso Lâmina Visceral
50%
Coração Seio Coronário
50%
Estrutura do coração Trabéculas Cárneas
50%
Estrutura do coração Trabécula Septomarginal
50%
MMSS Tronco Braquiocefálico
50%
Coração Tronco Pulmonar
50%
Tórax V. Ázigo
50%
MMSS V. Basílica
50%
MMSS V. Braquial
50%
Coração V. Cardíaca Magna
50%
Coração V. Cardíaca Média
50%
Coração V. Cardíaca Parva
50%
Abdômen V. Cava Inferior
50%
MMSS V. Cava Superior
50%
MMSS V. Cefálica
50%
MMII V. Circunflexa Ilíaca Superficial
50%
Estômago V. Esplenica
50%
Cabeça V. Facial
50%
MMII V. Femoral
50%
Abdômen V. Gonadal Direita
50%
Abdômen V. Gonadal Esquerda
50%
Tórax V. Hemiázigo
50%
Tórax V. Hemiázigo Acessório
50%
MMII V. Ilíaca Comum
50%
MMII V. Ilíaca Externa
50%
MMII V. Ilíaca Interna
50%
MMSS V. Intermédia do Cotovelo
50%
Pescoço V. Jugular Interna
50%
Cabeça V. Maxilar
50%
Abdômen V. Mesentérica Superior
50%
Estômago V. Porta do Fígado
50%
MMII V. Safena Magna
50%
MMII V. Safena Parva
50%
Cabeça V. Temporal Superficial
50%
MMII Vv. Fibulares
50%
Tórax Vv. Intercostais Posteriores
50%
MMII Vv. Pudendas Externas
50%
MMSS Vv. Radiais
50%
Abdômen Vv. Renais
50%
MMSS Vv. Ulnares
50%
Tórax A. Intercostal Posterior
0%
Estrutura do estômago Antro Pilórico
0%
MMII Arco Venoso Dorsal do Pé
0%
Estrutura do estômago Canal Pilórico
0%
Estrutura do estômago Corpo Gástrico
0%
Estrutura do estômago Fundo Gástrico
0%
Estrutura do estômago Incisura Angular
0%
Estrutura do estômago Incisura Cárdica
0%
Estrutura do estômago Parte Cárdia
0%
Estrutura do estômago Piloro
0%
MMSS Rede Venosa Dorsal da Mão
0%
MMSS V. Axilar
0%
MMSS V. Braquiocefálica Direita
0%
MMSS V. Braquiocefálica Esquerda
0%
MMII V. Femoral Profunda
0%
Abdômen V. Ilíaca Comum Direita
0%
Abdômen V. Ilíaca Comum Esquerda
0%
Coração V. Marginal Esquerda
0%
Abdômen V. Mesentérica Inferior
0%
MMII V. Poplítea
0%
MMII V. Safena Acessória
0%
MMSS V. Subclávia Direita
0%
MMSS V. Subclávia Esquerda
0%
MMSS V. Torácica interna
0%
MMII Vv. Cutâneas Anteriores
0%
MMII Vv. Cutâneas Laterais
0%
MMII Vv. Plantares Laterais
0%
MMII Vv. Plantares Mediais
0%
Coração Vv. Pulmonares
0%
MMII Vv. Tibiais Anteriores
0%
MMII Vv. Tibiais Posteriores
0%
Nenhum quiz correspondente encontrado
Distribuição das Pontuações
Porcentagem de Pessoas com Cada Pontuação
Percentil de Números Respondidos
Sua Pontuação Histórica
Você não jogou esse quiz desde o último reset